| 000 | 06803cam a22019814i 4500 | ||
|---|---|---|---|
| 003 | PE-LiUPU | ||
| 005 | 20250813165922.0 | ||
| 008 | 150706s2012 sp a rb 000 0 spa d | ||
| 020 | _a9788496709966 | ||
| 020 | _a8496709965 | ||
| 035 | _a(Sirsi) i9788496709966 | ||
| 040 |
_aPE-LiUPU _bspa _cPE-LiUPU _erda |
||
| 049 | _aPRUA | ||
| 082 | 0 | 4 |
_a628.16 _bG71 _221 |
| 082 | 0 | 4 |
_a628.16 _bG71 2012 _221 |
| 100 | 1 |
_aGonzález Olabarría, Pedro María, _eautor. |
|
| 245 | 1 | 0 |
_aDesalación de agua mediante ósmosis inversa : _bingeniería constructiva / _cPedro María González Olabarría. |
| 250 | _aSegunda edición. | ||
| 264 | 1 |
_aMadrid : _bAMV ediciones, _c2012. |
|
| 300 |
_a257 páginas : _bilustraciones ; _c27 centímetros. |
||
| 336 |
_atext _2rdacontent |
||
| 337 |
_aunmediated _2rdamedia |
||
| 338 |
_avolume _2rdacarrier |
||
| 504 | _aIncluye bibliografía. | ||
| 505 | 0 | _aEl agua: composición y propiedades -- Principios fundamentales de la ósmosis inversa -- Características del agua para la ósmosis inversa -- Necesidades de agua bruta -- Tomas de agua de mar para la ósmosis inversa -- Dosificación de reactivos para el agua de mar -- Pre tratamiento para la ósmosis inversa. - Materiales empleados en ósmosis inversa. - Membranas de ósmosis inversa. - Tubos a presión y bastidores para la ósmosis -- Bombas de ósmosis inversa -- Sistemas de recuperación.- Funcionamiento del conjunto bastidor de ósmosis inversa -- Equipos necesarios en los bastidores de ósmosis inversa. - Episteme de limpieza y desplazamiento en bastidores -- Acondicionamiento del agua tratada -- Depósito y bombeo de agua tratada -- neutralización y tratamiento de vertidos -- Equipos eléctricos -- Sistema de control -- Equipos y elementos diversos -- Estructura de costes de una De saladora -- Fases de la ingeniería básica y detalle de una desatadora -- anexo -- Implantaciones en edificios con ósmosis inversa -- Dimensionamiento (excepto ósmosis inversa) proyecciones ósmosis inversa -- Proyección sistema de recuperación eri -- detalles constructivos -- ingeniería de detalle. detalle de salidas individuales permeado y colector vertical de recogida con venteo. | |
| 526 | _aP203 | ||
| 526 | _aP200 | ||
| 526 | _aSEG65 | ||
| 526 | _aSEG64 | ||
| 526 | _aSEG63 | ||
| 526 | _aSEG62 | ||
| 526 | _aSEG61 | ||
| 526 | _aSEG60 | ||
| 526 | _aSEG59 | ||
| 526 | _aSEG58 | ||
| 526 | _aSEG57 | ||
| 526 | _aSEG56 | ||
| 526 | _aSEG55 | ||
| 526 | _aSEG54 | ||
| 526 | _aSEG53 | ||
| 526 | _aSEG52 | ||
| 526 | _aSEG51 | ||
| 526 | _aSEG50 | ||
| 526 | _aSEG49 | ||
| 526 | _aSEG48 | ||
| 526 | _aSEG47 | ||
| 526 | _aSEG46 | ||
| 526 | _aSEG24 | ||
| 526 | _aSEG23 | ||
| 526 | _aSEG22 | ||
| 526 | _aSEG21 | ||
| 526 | _aSEG20 | ||
| 526 | _aSEG19 | ||
| 526 | _aSEG18 | ||
| 526 | _aSEG17 | ||
| 526 | _aSEG16 | ||
| 526 | _aSEG14 | ||
| 526 | _aSEG13 | ||
| 526 | _aSEG12 | ||
| 526 | _aSEG11 | ||
| 526 | _aSEG10 | ||
| 526 | _aSEG09 | ||
| 526 | _aSEG06 | ||
| 526 | _aSEG05 | ||
| 526 | _aSEG04 | ||
| 526 | _aSEG03 | ||
| 526 | _aSEG02 | ||
| 526 | _aSEG68 | ||
| 526 | _aSEG66 | ||
| 526 | _aSEG45 | ||
| 526 | _aSEG25 | ||
| 526 | _aSEG01 | ||
| 526 | _aP163 | ||
| 526 | _aP162 | ||
| 526 | _aP161 | ||
| 526 | _aP160 | ||
| 526 | _aP159 | ||
| 526 | _aP158 | ||
| 526 | _aP157 | ||
| 526 | _aP156 | ||
| 526 | _aP155 | ||
| 526 | _aP154 | ||
| 526 | _aP153 | ||
| 526 | _aP152 | ||
| 526 | _aP151 | ||
| 526 | _aP150 | ||
| 526 | _aP149 | ||
| 526 | _aP142 | ||
| 526 | _aP141 | ||
| 526 | _aP140 | ||
| 526 | _aP139 | ||
| 526 | _aP138 | ||
| 526 | _aP137 | ||
| 526 | _aP132 | ||
| 526 | _aP131 | ||
| 526 | _aP130 | ||
| 526 | _aP126 | ||
| 526 | _aP125 | ||
| 526 | _aP124 | ||
| 526 | _aP123 | ||
| 526 | _aP115 | ||
| 526 | _aP122 | ||
| 526 | _aP121 | ||
| 526 | _aP116 | ||
| 526 | _a P114 | ||
| 526 | _aP112 | ||
| 526 | _aP111 | ||
| 526 | _aP104 | ||
| 526 | _aP103 | ||
| 526 | _aP102 | ||
| 526 | _aP101 | ||
| 526 | _aP100 | ||
| 526 | _aP96 | ||
| 526 | _aP95 | ||
| 526 | _aP93 | ||
| 526 | _aP92 | ||
| 526 | _aP91 | ||
| 526 | _aP88 | ||
| 526 | _aP83 | ||
| 526 | _aP82 | ||
| 526 | _aP79 | ||
| 526 | _aP78 | ||
| 526 | _aP75 | ||
| 526 | _aP74 | ||
| 526 | _aP71 | ||
| 526 | _aP69 | ||
| 526 | _a P51 | ||
| 526 | _aP49 | ||
| 526 | _aP48 | ||
| 526 | _aP47 | ||
| 526 | _aP33 | ||
| 526 | _aP31 | ||
| 526 | _a P30 | ||
| 526 | _aP29 | ||
| 526 | _aP27 | ||
| 526 | _aP26 | ||
| 526 | _aP25 | ||
| 526 | _aP24 | ||
| 526 | _a P22 | ||
| 526 | _aP10 | ||
| 526 | _aP09 | ||
| 526 | _a P08 | ||
| 526 | _aP06 | ||
| 526 | _aP05 | ||
| 526 | _aP04 | ||
| 526 | _aP01 | ||
| 541 | _g015-001551; | ||
| 541 | _g015-0016192; | ||
| 541 | _g0020-0000647; | ||
| 541 | _g0020-0002811; | ||
| 541 | _g001-0042329; | ||
| 650 | 0 | 4 | _aConversión de aguas salinas. |
| 650 | 0 | 4 | _aDesalación. |
| 650 | 0 | 4 |
_aDesalación _xTécnicas. |
| 910 |
_armch _btqv _crmch _d20170803 |
||
| 910 |
_adbm _bncf _cncf _d20180115 |
||
| 942 |
_2ddc _cBOOK |
||
| 949 |
_a628.16 G71 _wDEWEY _c1 _i67452 _lCCODEBUL1 _mBUL _p79.00 _r0 _sY _tBOOK _u2015-7-6 _xINGENIERIA _PP24 _o.STAFF. Colección General |
||
| 949 |
_a628.16 G71 _wDEWEY _c2 _i69147 _lCCODEBUL1 _mBUL _p30.00 _r0 _sY _tBOOK _u2015-7-6 _xINGENIERIA _PP24 _o.STAFF. Colección General |
||
| 949 |
_a628.16 G71 2012 _wDEWEY _c1 _iFJ08375 _lCCODEBUJ1 _mBUJ _p27.00 _r0 _sY _tBOOK _u2017-08-03 _xINGENIERIA _PP24 _0COMPRA _o.STAFF. Colección General Juliaca |
||
| 994 |
_aC0 _bPEPRU |
||
| 596 | _a1 3 | ||
| 999 |
_a628.16 G71 _wDEWEY _c55100 _i67452 _f2021-11-5 _g7 _lCCODEBUL1 _mBUL _p79.00 _r0 _sY _tBOOK _u2015-7-6 _xBIBLIOTECA _PP24 _0COMPRA _o.STAFF. Colección General _d55100 |
||
| 999 |
_a628.16 G71 _wDEWEY _c2 _i69147 _f2021-11-5 _g7 _lCCODEBUL1 _mBUL _p30.00 _r0 _sY _tBOOK _u2015-7-6 _xBIBLIOTECA _PP24 _0COMPRA _o.STAFF. Colección General |
||
| 999 |
_a628.16 G71 _wDEWEY _c3 _i74005 _f2021-11-9 _g7 _lCCODEBUL1 _mBUL _p50.40 _r0 _sY _tBOOK _u2016-7-7 _xINGENIERIA _PP24 _0COMPRA _o.STAFF. Colección General |
||
| 999 |
_a628.16 G71 _wDEWEY _c4 _i78006 _f2021-11-9 _g4 _lCCODEBUL1 _mBUL _p52.02 _r0 _sY _tBOOK _u2018-1-15 _xINGENIERIA _PP24 _0COMPRA _o.STAFF. Colección Ingeniería y Arquitectura |
||
| 999 |
_a628.16 G71 2012 _wDEWEY _c1 _iFJ08395 _d2018-10-29 _f2022-1-26 _g4 _lCCODEBUJ1 _mBUJ _p52.00 _q2 _r0 _sY _tBOOK _u2017-8-2 _xINGENIERIA _PP24 _0COMPRA _o.STAFF. Colección General Juliaca |
||
| 980 |
_81 _gALBERTO SANCHEZ Responsable de Automatización |
||